The concept of GOD: (Record no. 10466)
[ view plain ]
| 000 -LEADER | |
|---|---|
| fixed length control field | 00458nam a2200169 4500 |
| 001 - CONTROL NUMBER | |
| control field | 6702 |
| 005 - DATE AND TIME OF LATEST TRANSACTION | |
| control field | 20250811160015.0 |
| 008 - FIXED-LENGTH DATA ELEMENTS--GENERAL INFORMATION | |
| fixed length control field | 910911s1991 cau b 001 0 eng d |
| 010 ## - LIBRARY OF CONGRESS CONTROL NUMBER | |
| LC control number | 91065170 |
| 020 ## - INTERNATIONAL STANDARD BOOK NUMBER | |
| International Standard Book Number | 9788195896714 |
| International Standard Book Number | 9788195896714 |
| 100 ## - MAIN ENTRY--PERSONAL NAME | |
| Personal name | Sharma,Shri,Krishna |
| 245 10 - TITLE STATEMENT | |
| Title | The concept of GOD: |
| Remainder of title | based on Indian Philosophy,Volume I. |
| 260 ## - PUBLICATION, DISTRIBUTION, ETC. | |
| Place of publication, distribution, etc. | India: |
| Name of publisher, distributor, etc. | "Sadhan Press |
| Date of publication, distribution, etc. | 2022 |
| 300 ## - PHYSICAL DESCRIPTION | |
| Extent | xvii,581 p. ; |
| Dimensions | 23 cm |
| 942 ## - ADDED ENTRY ELEMENTS (KOHA) | |
| Source of classification or shelving scheme | Dewey Decimal Classification |
| Koha item type | Main |
| Withdrawn status | Lost status | Source of classification or shelving scheme | Damaged status | Not for loan | Home library | Current library | Shelving location | Date acquired | Inventory number | Total Checkouts | Full call number | Barcode | Date last seen | Price effective from | Koha item type |
|---|---|---|---|---|---|---|---|---|---|---|---|---|---|---|---|
| Dewey Decimal Classification | RTC Library | RTC Library | Main opac | 11/08/2025 | 19740 | 211 SHA v1 | 30020958 | 11/08/2025 | 11/08/2025 | Main |